000 00251nam a2200097Ia 4500
001 851088
005 20250826174449.0
008 250824s9999 xx 000 0 und d
245 0 _aBİR ACI HİKAYE
_cHALİD ZİYA UŞAKLIGİL
260 _bÖZGÜR YAYINLARI
999 _c851088
_d851088